|
|
|
|
| LEADER |
01887cas a2200241 a 4500 |
| 001 |
AALejournalIMF018145 |
| 008 |
230101c9999 xx r poo 0 0eng d |
| 020 |
|
|
|c 5.00 USD
|
| 020 |
|
|
|z 9781484334119
|
| 022 |
|
|
|a 1934-7685
|
| 040 |
|
|
|a BD-DhAAL
|c BD-DhAAL
|
| 110 |
2 |
|
|a International Monetary Fund.
|b African Dept.
|
| 245 |
1 |
0 |
|a Central African Economic and Monetary Community (CEMAC) :
|b Common Policies of Member Countries and Policies in Support of Member Countries Reform Programs-Press Release; Staff Report; and Statement by the Executive Director.
|
| 264 |
|
1 |
|a Washington, D.C. :
|b International Monetary Fund,
|c 2017.
|
| 300 |
|
|
|a 1 online resource (69 pages)
|
| 490 |
1 |
|
|a IMF Staff Country Reports
|
| 500 |
|
|
|a <strong>Off-Campus Access:</strong> No User ID or Password Required
|
| 500 |
|
|
|a <strong>On-Campus Access:</strong> No User ID or Password Required
|
| 506 |
|
|
|a Electronic access restricted to authorized BRAC University faculty, staff and students
|
| 520 |
3 |
|
|a This paper discusses the common policies of the member countries of the Central African Economic and Monetary Community (CEMAC). CEMAC's medium-term outlook remains challenging. It foresees a gradual improvement in the economic and financial situation in the region, assuming full implementation of policy commitments by CEMAC member states and regional institutions. Policies to diversify the economies by improving the business environment, including through enhanced governance and transparency, would support higher growth in the medium term. The monetary policy stance would be kept tight as needed to support external stability and reserves accumulation.
|
| 538 |
|
|
|a Mode of access: Internet
|
| 830 |
|
0 |
|a IMF Staff Country Reports; Country Report ;
|v No. 2017/389
|
| 856 |
4 |
0 |
|z Full text available on IMF
|u http://elibrary.imf.org/view/journals/002/2017/389/002.2017.issue-389-en.xml
|z IMF e-Library
|